| 000 | 00344nam a22001337a 4500 | ||
|---|---|---|---|
| 020 | _qHB. | ||
| 040 | _cFIZZA ISHAQ | ||
| 082 |
_a180 _bSNL |
||
| 100 |
_aKURILLO, S.V LEVACHEW S.N. _986419 |
||
| 245 |
_aPLES IN HYDROTECHNICAL ENGINEERING / _cS.N. LEVACHEW S.V KURILLO. |
||
| 260 |
_aNEW DEHLI _c2002. |
||
| 300 | _a256 P. ; | ||
| 942 |
_2ddc _cBK |
||
| 999 |
_c587316 _d587316 |
||